Χωροθέτηση επιχειρήσεων : οικονομικές και περιβαλλοντικές επιπτώσεις, εφαρμογές στο Ανατολικό Αιγαίο : 2ο συμπόσιο ποσοτικών μεθόδων, Χίος 1-3 Σεπτεμβρίου 1988
Αποθηκεύτηκε σε:
| Συλλογικό Έργο: | , , |
|---|---|
| Μορφή: | Πρακτικό Συνεδρίου Βιβλίο |
| Γλώσσα: | Greek |
| Δημοσίευση: |
[Αθήνα] :
[Υπουργείο Αιγαίου],
[1988]
|
| Θέματα: | |
| Ετικέτες: |
Προσθήκη ετικέτας
Δεν υπάρχουν, Καταχωρήστε ετικέτα πρώτοι!
|
MARC
| LEADER | 00000cam a2200000 i 4500 | ||
|---|---|---|---|
| 001 | 1/11466 | ||
| 008 | 000912q1988 gre d | ||
| 035 | |l 10063842 | ||
| 040 | |a GR-MY-UA |b gre |e aacr | ||
| 041 | 0 | |a gre | |
| 082 | 0 | |a 658.4033 | |
| 111 | 2 | |a Συμπόσιο Ποσοτικών Μεθόδων |n (2ο |d : 1988 |c : Χίος) | |
| 245 | 1 | 0 | |a Χωροθέτηση επιχειρήσεων : |b οικονομικές και περιβαλλοντικές επιπτώσεις, εφαρμογές στο Ανατολικό Αιγαίο : 2ο συμπόσιο ποσοτικών μεθόδων, Χίος 1-3 Σεπτεμβρίου 1988 / |c Πανεπιστήμιο Αιγαίου Τμήμα Διοίκησης Επιχερήσεων σε συνεργασία με το Τμήμα Περιβάλλοντος |
| 260 | |a [Αθήνα] : |b [Υπουργείο Αιγαίου], |c [1988] | ||
| 300 | |a χωρίς αρίθμηση; |c 30 cm | ||
| 500 | |a Υπό την αιγίδα του Υπουργείου Αιγαίου | ||
| 650 | 0 | 0 | |a Industrial location |x Environmental aspects |x Congresses. |
| 650 | 0 | 0 | |a Regional planning |x Congresses. |
| 650 | 0 | 0 | |a Industrial location |z Greece |x Congresses. |
| 710 | 2 | |a Πανεπιστήμιο Αιγαίου |b Τμήμα Διοίκησης Επιχειρήσεων. | |
| 710 | 2 | |a Πανεπιστήμιο Αιγαίου. |b Σχολή Περιβάλλοντος. |b Τμήμα Περιβάλλοντος. | |
| 852 | |a INST |b CHIOS |e 20000912 |h 658.4033 ΣΥΜ |p 005200018813 |q 005200018813 |t BK |y 0 | ||
| 852 | |a INST |b CHIOS |e 20011018 |h 658.4033 ΣΥΜ |p 005200020942 |q 005200020942 |t BK |y 0 | ||
| 901 | |a BIBL2-2000-3 | ||
| 909 | |a Χ |b 074340 | ||
| 909 | |a Χ |b 052521 | ||
| 920 | |a Δωρεά Βιβλιοθήκης |y Χίος |z 1999-09 | ||
| 970 | |z 2000/09/Litsa | ||